Hearthstone - Extensions et Aventures - Statistiques

Statistiques générales
  • Ce quiz a été pris 97 fois
  • Le résultat moyen est 10 sur 25
Statistiques - réponses
Chronologie Indices Réponses % Correct
Années 1 & 2 (2014-2015) Aventure La malédiction de Naxxramas
74%
Années 1 & 2 (2014-2015) Extension Le Grand Tournoi
67%
Années 1 & 2 (2014-2015) Aventure Le Mont Rochenoire
67%
Année du Mammouth (2017) Extension Voyage au centre d’Un’Goro
60%
Année du Kraken (2016) Extension Les Murmures des Dieux très anciens
56%
Année du Corbeau (2018) Extension Bois Maudit
52%
Année du Mammouth (2017) Extension Kobolds et catacombes
51%
Années 1 & 2 (2014-2015) Extension Gobelins et Gnomes
49%
Année du Kraken (2016) Extension Main basse sur Gadgetzan
48%
Année du Kraken (2016) Extension Une nuit à Karazhan
45%
Années 1 & 2 (2014-2015) Aventure La Ligue des Explorateurs
40%
Année du Dragon (2019) Extension L'Envol des Dragons
38%
Année du Griffon (2021) Extension Unis à Hurlevent
37%
Année du Mammouth (2017) Extension Chevaliers du Trône de glace
34%
Année du Phénix (2020) Extension Folle journée à Sombrelune
33%
Année du Corbeau (2018) Extension Projet Armageboum
29%
Année du Griffon (2021) Extension Forgés dans les Tarides
26%
Année du Corbeau (2018) Extension Les Jeux de Rastakhan
26%
Année de l’Hydre (2022) Extension Au cœur de la cité engloutie
23%
Année du Phénix (2020) Extension Les Cendres de l'Outreterre
23%
Année du Phénix (2020) Extension L'Académie Scholomance
22%
Année du Dragon (2019) Extension Les Aventuriers d’Uldum
22%
Année du Dragon (2019) Aventure Le Réveil de Galakrond
21%
Année du Griffon (2021) Extension Divisés dans la vallée d’Alterac
18%
Année du Dragon (2019) Extension L'Éveil des ombres
15%
Aucun quiz correspondant
Distribution des résultats
% des personnes avec chaque résultat
Percentile par nombre de réponses
Votre historique - résultats
Vous n’avez pas pris ce quiz